| 000 | 00487pab a2200181 454500 | ||
|---|---|---|---|
| 008 | 180718b2002 xxu||||| |||| 00| 0 eng d | ||
| 100 | _aArchibald, Steve | ||
| 245 | _aSeeds and rights: new approaches to post-war agricultural rehabilitation in Sierra Leone | ||
| 260 | _c2002 | ||
| 300 | _ap.356-67. | ||
| 362 | _aDec | ||
| 650 | _aSeeds - Sierra Leone | ||
| 650 | _aCrops - Sierra Leone | ||
| 650 | _aCrops | ||
| 700 | _aRichards, Paul | ||
| 773 | _aDisasters | ||
| 909 | _a55450 | ||
| 999 |
_c55450 _d55450 |
||